000 00710nam a2200181Ia 4500
008 100920s9999 xx 000 0 und d
082 _b84239
_a--- न 03
100 _aदेसाई नयनतारा.
245 _aचंद्र नभीचा लुप्त जाहला.
260 _bनंदादीप बुक सर्व्हिसेस्र, सोलापूर.
_c2003
300 _a246
_bसाधी
365 _b230
520 _aकादंबरी.
630 _aचंद्र नभीचा लुप्त जाहला.
650 _aकादंबरी.
730 _aचंद्र नभीचा लुप्त जाहला.
942 _cBOOK
999 _c724821
_d724818